Statistics for Mathematical SI Prefixes and Symbols

Click here to take the quiz!

General Stats

  • This quiz has been taken 594 times
  • The average score is 11 of 14

Answer Stats

SymbolPrefix% Correct
kkilo
98%
Ggiga
95%
Mmega
95%
mmilli
94%
nnano
93%
µmicro
91%
ccenti
90%
Ttera
89%
ppico
76%
Zzetta
66%
Ppeta
63%
ffemto
50%
Eexa
36%
aatto
35%

Score Distribution

Percentile by Number Answered

Percent of People with Each Score

Your Score History

You have not taken this quiz